|
|
|
|
| LEADER |
00000nab#a22000007a#4500 |
| 001 |
arbauad009405 |
| 003 |
AR-BaUAD |
| 005 |
20250711110951.0 |
| 008 |
950320|||||||||###||||||b###|0###a|spa|| |
| 040 |
|
|
|a AR-BaUAD
|c AR-BaUAD
|b spa
|
| 100 |
|
|
|a Brenken, Anna
|
| 245 |
|
|
|a Bajo el signo del jaguar - "Na bolom" :
|b un retrato de Gertrude Duby Blom /
|c Anna Brenken;
|
| 300 |
0 |
|
|b il., fot.
|
| 653 |
|
|
|a AMERICA PRECOLOMBINA
|
| 653 |
|
|
|a MEXICO
|
| 653 |
|
|
|a MAYAS
|
| 653 |
|
|
|a COLONIZACION
|
| 653 |
|
|
|a FOTOGRAFIA DOCUMENTAL
|
| 653 |
|
|
|a FOTOGRAFOS
|
| 653 |
|
|
|a DUBY BLOM, GERTRUDE
|
| 653 |
|
|
|a FOTOGRAFIAS
|
| 653 |
|
|
|a CULTURA MAYA
|
| 773 |
0 |
|
|t Humboldt
|g año 33, no. 107 [1992], p. 78-81
|
| 942 |
|
|
|c ARTI
|
| 952 |
|
|
|0 0
|1 0
|4 0
|7 0
|9 54325
|a AR-BAuAD
|b AR-BAuAD
|d 2025-07-11
|l 0
|p AAQA009405
|r 2025-07-11 11:09:51
|w 2025-07-11
|y ARTI
|
| 990 |
|
|
|a S199
|b TD
|
| 990 |
|
|
|a F199
|b TD
|
| 998 |
|
|
|a AAQ
|b BIBUN76
|
| 999 |
|
|
|c 33998
|d 33998
|